| 000 | 00970cam a22002651 4500 | ||
|---|---|---|---|
| 001 | 000019077 | ||
| 005 | 20200929165920.0 | ||
| 008 | 741122s1962 ve 000 0 spa | ||
| 010 | _a65058004 | ||
| 035 | _a(OCoLC)1084340 | ||
| 040 |
_aDO-SdBNP _cOTU _dOCoLC _dDLC |
||
| 042 | _apremarc | ||
| 050 | 0 | 0 |
_aPN5000.A7 _bB4 |
| 100 | 2 |
_aAlvarez O., Federico. _941048 |
|
| 245 | 1 | 0 |
_aLabor periodistica de don Andres Bello / _c[por] Federico Alvarez O. |
| 260 |
_aCaracas, _c1962. |
||
| 300 |
_a202 p. ; _c24 cm. |
||
| 490 | 1 |
_aUniversidad Central de Venezuela. Facultad de Humanidades y Educacion. Escuela de Periodismo. Cuaderno _v16 |
|
| 502 | _aTesis (periodista)--Universidad de Chile. | ||
| 504 | _aBibliography: p. 201-202. | ||
| 600 | 1 | 0 |
_aBello, Andres, _d1781-1865. _918145 |
| 650 | 0 |
_aLatin american periodicals. _941049 |
|
| 830 | 0 |
_aCuaderno (Universidad Central de Venezuela. Escuela de Periodismo) ; _v16. _941050 |
|
| 910 | _aCatalogación derivada / LC | ||
| 999 |
_c18595 _d18595 |
||